000 00681nam a2200217 4500
003 OSt
005 20240619074258.0
006 a
008 240619b |||||||| |||| 00| 0 eng d
020 _a9789719908029
040 _aDWCL-Main lib.
_cOC
082 _22012 edition
_aFil. 370.7 C744l 2012
100 _aConcepcion, Benjamin Jr.
245 _aLET reviewer : licensure examination for teachers /
250 _a2012 edition
260 _aManila :
_bMET Review Publishing House,
_cc2012.
300 _b490 p. ;
_c26 cm.
504 _aIncludes appendices and references.
650 _a1. Education - Examination, questions, etc.
942 _2ddc
_n0
_cBK - FIL
_e2012 edition
_kFil.
999 _c911
_d911